| 000 | 01895nam0a2200421 4500 | ||
|---|---|---|---|
| 001 | RU\NLR\bibl\532768 | ||
| 005 | 201310260617 | ||
| 010 |
_a5-8044-0393-1 _bв обл. _9200 |
||
| 021 |
_aRU _b2004-12117 _9619 |
||
| 035 | _a(NLR Aleph) 000525061 | ||
| 035 | _aRSL-KNO-002411991 | ||
| 090 |
_a1317338 _c1317338 |
||
| 100 | _a20040323d2003 u y0rusy50 ca | ||
| 101 | 0 |
_arus _deng _eeng |
|
| 102 | _aRU | ||
| 105 | _aa ||||||||| | ||
| 106 | _ar | ||
| 200 | 1 |
_aПалеоген Хуньчуньской впадины Притуманганья (северо-восток Китая) _dPaleogene of the Hunchun depression of Pritumanganye (The North-East China) _fА.Г. Аблаев, Ли Чен-Сен, С.М. Тащи, Ван Ю-Фей _gРос. акад. наук. Дальневост. отд-ние, Тихоокеан. океанол. ин-т, Кит. акад. наук, Ин-т ботаники _zeng |
|
| 210 |
_aВладивосток _cДальнаука _d2003 _eТип. изд-ва |
||
| 215 |
_a88 с. _cил. _d29 |
||
| 300 | _aРез. на англ. яз. | ||
| 320 | _aБиблиогр.: с. 60-64 | ||
| 510 | 0 |
_aPaleogene of the Hunchun depression of Pritumanganye (The North-East China) _zeng |
|
| 606 | 0 |
_aПалеогеновые отложения _yКитай Северо-Восточный _92338898 _3RU\NLR\auth\661398180 |
|
| 686 |
_aЕ125-711,0 _2rubbk |
||
| 686 |
_aЕ151.711,0 _2rubbk |
||
| 686 |
_aЕ155(54Кит),0 _2rubbk |
||
| 686 | _aД432.711-09(54Кит) | ||
| 701 | 0 |
_aЛи Чен-Сен _4070 |
|
| 701 | 0 |
_aВан Ю-Фей _4070 |
|
| 701 | 1 |
_aТащи _bС. М. _gСтепан Матвеевич _4070 |
|
| 701 | 1 |
_aАблаев _bА. Г. _gАльберт Гарифович _4070 |
|
| 801 | 0 |
_aRU _bRuMoRKP _c20040323 _gPSBO |
|
| 801 | 1 |
_aRU _bRuMoRKP _c20040323 |
|
| 801 | 2 |
_aRU _bNLR _c20040623 _gPSBO |
|
| 942 | _cBOOK | ||
| 980 | _aNB | ||